Herbicides and plant physiology

Herbicides continue to make a spectacular contribution to modernsafe crop production. It is essential to understand how thesecompounds work in plants and their surroundings to properlyfacilitate the development of more effective and saferagrochemicals. This book provides that information in a succin...

সম্পূর্ণ বিবরণ

সংরক্ষণ করুন:
গ্রন্থ-পঞ্জীর বিবরন
প্রধান লেখক: Cobb, Andrew
বিন্যাস: গ্রন্থ
ভাষা:Undetermined
প্রকাশিত: Chichester, West Sussex Wiley-Blackwell 2010
বিষয়গুলি:
ট্যাগগুলো: ট্যাগ যুক্ত করুন
কোনো ট্যাগ নেই, প্রথমজন হিসাবে ট্যাগ করুন!
Thư viện lưu trữ: Trung tâm Học liệu Trường Đại học Cần Thơ
LEADER 01153nam a2200217Ia 4500
001 CTU_227157
008 210402s9999 xx 000 0 und d
020 |c 2520000 
082 |a 632.954 
082 |b C653 
100 |a Cobb, Andrew 
245 0 |a Herbicides and plant physiology 
245 0 |c Andrew H. Cobb, John P. H. Reade 
260 |a Chichester, West Sussex 
260 |b Wiley-Blackwell 
260 |c 2010 
520 |a Herbicides continue to make a spectacular contribution to modernsafe crop production. It is essential to understand how thesecompounds work in plants and their surroundings to properlyfacilitate the development of more effective and saferagrochemicals. This book provides that information in a succinctand user-friendly way.The second edition of this very well-received and highly thoughtof book has been fully up-dated with much new information ofrelevance to the subject, particularly in the areas of cell andmolecular biology. 
650 |a Thuốc diệt cỏ,Herbicides 
650 |x Tác dụng sinh lý,Physiological effect 
910 |b dqhieu 
980 |a Trung tâm Học liệu Trường Đại học Cần Thơ